ह्रदय रोगों की प्राकृतिक चिकित्सक/ (Record no. 199096)

MARC details
000 -LEADER
fixed length control field 00869nam a22001817a 4500
005 - DATE AND TIME OF LATEST TRANSACTION
control field 20231115145638.0
010 ## - LCCN (DPL NO)
LC control number HIN-126320
020 ## - INTERNATIONAL STANDARD BOOK NUMBER
International Standard Book Number 9788195404643
Terms of availability 150.00
035 ## - SYSTEM CONTROL NUMBER
System control number HN-98666
037 ## - SOURCE OF ACQUISITION
Source of stock number/acquisition DBAD/PUB.
082 ## - DEWEY DECIMAL CLASSIFICATION NUMBER
Classification number 616.12
100 ## - MAIN ENTRY--PERSONAL NAME
Personal name गोयल,भूषण डॉ ब्रज
245 ## - TITLE STATEMENT
Title ह्रदय रोगों की प्राकृतिक चिकित्सक/
Statement of responsibility, etc डॉ ब्रज भूषण गोयल
260 ## - PUBLICATION, DISTRIBUTION, ETC. (IMPRINT)
Place of publication, distribution, etc ग्रेटर नोएडा उत्तर प्रदेश
Name of publisher, distributor, etc स्टर्लिंग पब्लिशर्स प्रा.लि.
Date of publication, distribution, etc 2021
270 ## - ADDRESS
Address प्लाट न.13, ईकोटेक III
City उत्तर प्रदेश
Postal code 201306
300 ## - PHYSICAL DESCRIPTION
Extent 103पृ
Dimensions 21सेमी (अजिल्द)
942 ## - ADDED ENTRY ELEMENTS (KOHA)
Institution code [OBSOLETE] DPL
Item type Hindi Books
Source of classification or shelving scheme Dewey Decimal Classification
Classification part 616.12
Call number suffix गोयल
Holdings
Withdrawn status Lost status Not for loan Collection code Home library Current library Date acquired Source of acquisition Cost, normal purchase price Full call number Barcode Copy number Cost, replacement price Koha item type
    Not For Loan Non-fiction D.B.Act.Division D.B.Act.Division 15/11/2023 DBAD/PUB 150.00 616.12 गोयल hn-98666 1 150.00 Hindi Books

© Delhi Public Library
Hit Counter
free hit counter